000 00506nam a22001697a 4500
999 _c525348
_d525348
003 NUST
038 _aMr. Zahoor
082 _a660
100 _aHamid, Muhammad
_916178
245 _aGraphene based Carbon Monoxide Gas Sensor Operating at Room Temperature /
_cMuhammad Hamid
260 _aIslamabad :
_bSCME - NUST,
_c2018.
300 _axi , 67 p. : ill. ;
_c30cm.
500 _aHardcover.
650 _aChemical Engineering - MS Thesis
_916130
700 _aDr. Tayyaba Noor
_916179
942 _2ddc
_cTHE